| 000 | 00489nam a2200181Ia 4500 | ||
|---|---|---|---|
| 999 |
_c108 _d108 |
||
| 003 | OSt | ||
| 005 | 20210831102534.0 | ||
| 008 | 190216s9999||||xx |||||||||||||| ||und|| | ||
| 040 | _coclc | ||
| 082 |
_a297 _bALI/I |
||
| 100 |
_a Ali Nadvi, Abdul Hasan _98724 |
||
| 245 | 0 |
_aAl Iariq Ilal Madeena / _cAbdul Hasan Ali Nadvi |
|
| 250 | _a2nd Ed. | ||
| 260 |
_bNaduatul Ulama, _c1971. |
||
| 300 | _a116p | ||
| 650 | _aArabic | ||
| 942 |
_cBK _2ddc _h297 _iALI/I _k297 _mALI/I |
||